|
|
|
|
| LEADER |
00731cam a2200229 7i4500 |
| 001 |
0000020966 |
| 005 |
20090609090000.0 |
| 008 |
080307 eng |
| 020 |
|
|
|a 9780324312201 (pbk.)
|
| 020 |
|
|
|a 0324312202 (pbk.)
|
| 040 |
|
|
|a OhCoOLI
|
| 090 |
0 |
0 |
|a HF5383
|b .E37 2007
|
| 100 |
1 |
|
|a Eischen, Clifford W
|
| 245 |
1 |
0 |
|a Resumes, cover letters, networking, and interviewing
|c Clifford W. Eischen, Lynn A. Eischen.
|
| 250 |
|
|
|a 2nd ed.
|
| 260 |
|
|
|a Australia:
|b Thomson,
|c 2007.
|
| 300 |
|
|
|a ix, 102 p.;
|c 28 cm.
|
| 650 |
0 |
0 |
|a Resumes (Employement)
|
| 650 |
0 |
0 |
|a Employement interviewing
|
| 650 |
0 |
0 |
|a Cover letters
|
| 700 |
1 |
|
|a Eischen, Lynn A
|
| 999 |
|
|
|a 0000030413
|b BOK
|c OPEN SHELF
|e 1st Floor, Bestari Jaya
|